España y el nacionalismo separatista en Cataluña ; (Record no. 128117)

MARC details
000 -LEADER
campo de control de longitud fija 01374nam a2200277 i 4500
001 - NÚMERO DE CONTROL
campo de control 128117
003 - IDENTIFICADOR DE NÚMERO DE CONTROL
campo de control ES-MaACL
005 - FECHA Y HORA DE LA ÚLTIMA TRANSACCIÓN
campo de control 20250409134826.0
007 - CAMPO FIJO DE DESCRIPCIÓN FÍSICA--INFORMACIÓN GENERAL
campo de control de longitud fija t|
008 - DATOS DE LONGITUD FIJA--INFORMACIÓN GENERAL
campo de control de longitud fija 070214q1931 sp |||| | spa d
100 1# - ENTRADA PRINCIPAL--NOMBRE DE PERSONA
Nombre de persona Rocamora Batllé, Rómulo.
9 (RLIN) 98026
245 10 - MENCIÓN DEL TÍTULO
Título España y el nacionalismo separatista en Cataluña ;
Resto del título Dos estudios jurídicos ; La época heroica del esperanto y del esperantismo y sus efectos en la literatura universal /
Mención de responsabilidad, etc. Rómulo S. Rocamora.
246 3# - FORMA VARIANTE DEL TITULO
Título propio/Titulo breve Dos estudios jurídicos
260 ## - PUBLICACIÓN, DISTRIBUCIÓN, ETC.
Lugar de publicación, distribución, etc. Barcelona :
Nombre del editor, distribuidor, etc. [s.n.],
Fecha de publicación, distribución, etc. [1931?] (
Fabricante Tip. Olympia)
300 ## - DESCRIPCIÓN FÍSICA
Extensión 92 p. ;
Dimensiones 19 cm.
505 8# - NOTA DE CONTENIDO CON FORMATO
Nota de contenido con formato Códigos, leyes y administración de justicia ; El ejercicio de la abogacía (degradación de funciones) ; La traducción de "Faust", de Goethe, al esperanto ; Evolución y significación de la leyenda de "Faust" ; Valor de la obra y de la traducción
530 ## - NOTA DISPONIBLE DE FORMULARIO FÍSICO ADICIONAL
Nota de formato físico adicional disponible Disponible en formato digital.
630 04 - PUNTO DE ACCESO ADICIONAL DE MATERIA--TÍTULO UNIFORME
Título uniforme Fausto.
9 (RLIN) 135290
650 #4 - PUNTO DE ACCESO ADICIONAL DE MATERIA--TÉRMINO DE MATERIA
Término de materia o nombre geográfico como elemento de entrada Nacionalismo-
Subdivisión general Cataluña.
9 (RLIN) 15442
650 #4 - PUNTO DE ACCESO ADICIONAL DE MATERIA--TÉRMINO DE MATERIA
Término de materia o nombre geográfico como elemento de entrada Esperanto.
9 (RLIN) 12494
740 32 - ENTRADA AGREGADA--TÍTULO RELACIONADO/ANALÍTICO NO CONTROLADO
Título relacionado o analítico no controlado La época heroica del esperanto y del esperantismo y sus efectos en la literatura universal.
852 4# - LOCALIZACIÓN
Ubicación ES-MaACL
Número de control de estantería 1716-F-16
Ubicación en estantería Depósito folletos
Nota libre Revisado enlace: 09 de Abril de 2025
itemnumber 132823
856 4# - LOCALIZACIÓN Y ACCESO ELECTRÓNICOS
Identificador Uniforme de Recursos <a href="https://hdl.handle.net/11013/6240 ">https://hdl.handle.net/11013/6240 </a>
Texto de enlace Federación Española de Esperanto
942 ## - ELEMENTOS DE ENTRADA SECUNDARIOS (KOHA)
Fuente del sistema de clasificación o colocación Clasificación decimal universal
Holdings
Estatus retirado Estado de pérdida Estado de daño No para préstamo Colección Biblioteca de origen Biblioteca actual Ubicación en estantería Fecha de adquisición Fuente de adquisición Total de préstamos Signatura topográfica completa Código de barras Visto por última vez Precio de reemplazo Tipo de ítem Koha
        Colección de folletos Biblioteca del Ateneo de Madrid Biblioteca del Ateneo de Madrid Depósito folletos 17/01/2008     1716-F-16 1133440 23/02/2023 23/02/2023 Folleto